| 000 | 00501nam a2200157Ia 4500 | ||
|---|---|---|---|
| 008 | 230312s9999||||xx |||||||||||||| ||und|| | ||
| 020 | _a0-8342-0185-2 | ||
| 082 |
_a615.534 _bHAM-F |
||
| 100 | _aHammer;Warren.I | ||
| 245 | 0 | _aFunctional Soft Tissue Examination and Treatment by Manual Methods: Extremities | |
| 260 |
_bAn Aspen Publication _aUSA _c1991 |
||
| 300 | _a300 | ||
| 546 | _aEng. | ||
| 650 |
_aPhysiotherapy _vFunctional Soft Tissue Examination and Treatment by Manual Methods |
||
| 942 | _cBK | ||
| 999 |
_c9101 _d9101 |
||